Catálogo

Miss Peregrine y los niños peculiares / (Registro nro. 65255)

Detalles MARC
000 -LEADER
fixed length control field 01628cam a2200373 i 4500
001 - CONTROL NUMBER
control field 65255
003 - CONTROL NUMBER IDENTIFIER
control field Mx-PuUPA
005 - DATE AND TIME OF LATEST TRANSACTION
control field 20240410104235.0
008 - FIXED-LENGTH DATA ELEMENTS--GENERAL INFORMATION
fixed length control field 080609s2016 mx a gr 000 1 spa d
020 ## - INTERNATIONAL STANDARD BOOK NUMBER
International Standard Book Number 9786070734915
040 ## - CATALOGING SOURCE
Original cataloging agency Mx-PuUPA
Modifying agency Mx-PuUPA
Transcribing agency Mx-PuUPA
Language of cataloging spa
Description conventions rda
041 1# - LANGUAGE CODE
Language code of text/sound track or separate title spa
Language code of original eng
100 1# - MAIN ENTRY--PERSONAL NAME
Personal name Riggs, Ransom,
Relator term autor
Dates associated with a name 1979-
9 (RLIN) 11062
240 10 - UNIFORM TITLE
Uniform title Miss Peregrine's home for peculiar children.
Language of a work Español
245 10 - TITLE STATEMENT
Title Miss Peregrine y los niños peculiares /
Statement of responsibility, etc. Ransom Riggs ; traducción de Gemma Gallart
250 ## - EDITION STATEMENT
Edition statement Primera edición
264 #1 - PRODUCTION, PUBLICATION, DISTRIBUTION, MANUFACTURE, AND COPYRIGHT NOTICE
Place of production, publication, distribution, manufacture Ciudad de México :
Name of producer, publisher, distributor, manufacturer Editorial Planeta Mexicana,
Date of production, publication, distribution, manufacture, or copyright notice 2016
300 ## - PHYSICAL DESCRIPTION
Extent 412 páginas :
Other physical details ilustraciones ;
Dimensions 21 cm
336 ## - CONTENT TYPE
Fuente rdacontent
Content type term texto
Content type code txt
337 ## - MEDIA TYPE
Source rdamedia
Media type term sin medio
Media type code n
338 ## - CARRIER TYPE
Source rdacarrier
Carrier type term volumen
Carrier type code nc
490 0# - SERIES STATEMENT
Series statement El hogar de Miss Peregrine para niños peculiares ;
Volume/sequential designation [1]
650 #4 - SUBJECT ADDED ENTRY--TOPICAL TERM
Topical term or geographic name entry element Orfanatos
Form subdivision Novela juvenil
650 #4 - SUBJECT ADDED ENTRY--TOPICAL TERM
Topical term or geographic name entry element Orfanatos
General subdivision Cómics, tiras, etc.
650 #4 - SUBJECT ADDED ENTRY--TOPICAL TERM
Topical term or geographic name entry element Islas
General subdivision Cómics, tiras, etc.
650 #4 - SUBJECT ADDED ENTRY--TOPICAL TERM
Topical term or geographic name entry element Novelas gráficas
Geographic subdivision Estados Unidos
700 1# - ADDED ENTRY--PERSONAL NAME
Personal name Gallart, Gemma,
Relator term traductor
765 08 - ORIGINAL LANGUAGE ENTRY
Main entry heading Riggs, Ransom, 1979-
Title Miss Peregrine's home for peculiar children.
785 00 - SUCCEEDING ENTRY
Main entry heading Riggs, Ransom, 1979-
Edition Primera edición
Place, publisher, and date of publication Ciudad de México : Editorial Planeta Mexicana, 2016
Series data for related item El hogar de Miss Peregrine para niños peculiares
Title El hogar de Miss Peregrine para niños peculiares 2 : la ciudad desolada
Record control number (Mx-PuUPA) 69051
International Standard Book Number 9786070736131
942 ## - ADDED ENTRY ELEMENTS (KOHA)
Source of classification or shelving scheme Dewey Decimal Classification
Classification part 808.0683872
Koha item type Libro
Item part R565
Existencias
Withdrawn status Lost status Source of classification or shelving scheme Damaged status Not for loan Collection code Home library Current library Shelving location Date acquired Source of acquisition Serial Enumeration / chronology Total Checkouts Full call number Barcode Date last seen Date last checked out Price effective from Koha item type Total Renewals Copy number
    Dewey Decimal Classification     General Biblioteca Karol Wojtyla Biblioteca Karol Wojtyla Sala general 04/08/2021 compra v.1 5 808.0683872 R565 2016 101520 05/01/2026 07/07/2023 04/08/2021 Libro    
    Dewey Decimal Classification     General Biblioteca Karol Wojtyla Biblioteca Karol Wojtyla Sala general 04/08/2021   v.1 3 808.0683872 R565 2016 101521 05/01/2026 18/08/2023 04/08/2021 Libro 2 Ej.2